000 00792nam a22002657a 4500
001 6142
003 FISKH
005 20250319115651.0
008 250319b cb ||||| |||| 00| 0 eng d
020 _a9780531147726
040 _aFISKH
_beng
_cFISKH
_dFISKH
050 _aHG179 .D43
082 _a332.02400835
100 _aDenega, Danielle
245 _aSmart money :
_bHow to manage your cash /
_cBy Danielle Denega
260 _aNew York :
_bScholastic ;
_c2008.
300 _a112 pages :
_bcolor illustrations ;
_c20 cm .
490 _aChoices
520 _aA basic primer for teen-agers in how to handle money.
650 _aFinance
_vNon-fiction
650 _aMoney management
_vNon-fiction
700 _aO'Neill, Marie
_eDesigner
942 _2ddc
_cBK
_n0
999 _c6142
_d6142